Score 0/20 Timer 06:00
0 Plays Today
Place % Correct
Amsterdam
99.6%
Rotterdam
97.1%
Den Haag
86.9%
Utrecht
86.9%
Eindhoven
80.9%
Groningen
80.4%
Maastricht
79.3%
Haarlem
72.8%
Arnhem
71.6%
Nijmegen
70.3%
Place % Correct
Tilburg
68.7%
Breda
68.5%
Zwolle
67.6%
Leiden
63.7%
Enschede
63.3%
Almere
62.2%
Apeldoorn
55%
Amersfoort
53.8%
Dordrecht
52%
Zoetermeer
41.9%

You're not logged in!

Compare scores with friends on all Sporcle quizzes.
OR
Log In

Sporcle TV

Today on Sporcle TV


Watch our educational content, quiz creation guides, and fun videos on Sporcle TV.

Show Comments

Extras

Top Quizzes Today


Score Distribution

Paid Content

Your Account Isn't Verified!

In order to create a playlist on Sporcle, you need to verify the email address you used during registration. Go to your Sporcle Settings to finish the process.

Report this User

Report this user for behavior that violates our Community Guidelines.

Details: